<?xml version="1.0" encoding="UTF-8"?>
<collection xmlns="http://www.loc.gov/MARC21/slim">
 <record>
  <leader>01079pamaa2200241   4500</leader>
  <controlfield tag="001">0000053779</controlfield>
  <controlfield tag="005">20151221090000.0</controlfield>
  <controlfield tag="008">151222s2011                             eng  </controlfield>
  <datafield tag="020" ind1=" " ind2=" ">
   <subfield code="a">9780736096539 (pbk.) </subfield>
  </datafield>
  <datafield tag="020" ind1=" " ind2=" ">
   <subfield code="a">0736096531 (pbk.) </subfield>
  </datafield>
  <datafield tag="090" ind1="0" ind2="0">
   <subfield code="a">RC776.O3 </subfield>
   <subfield code="b">AME 2011</subfield>
  </datafield>
  <datafield tag="110" ind1="1" ind2=" ">
   <subfield code="a">American Association of Cardiovascular &amp; Pulmonary Rehabilitation</subfield>
  </datafield>
  <datafield tag="245" ind1="1" ind2="0">
   <subfield code="a">Guidelines for pulmonary rehabilitation programs  </subfield>
   <subfield code="c">American Association of Cardiovascular and Pulmonary Rehabilitation.</subfield>
  </datafield>
  <datafield tag="250" ind1=" " ind2=" ">
   <subfield code="a">4th ed.</subfield>
  </datafield>
  <datafield tag="260" ind1=" " ind2=" ">
   <subfield code="a">Champaign, IL: </subfield>
   <subfield code="b">Human Kinetics, </subfield>
   <subfield code="c">2011.</subfield>
  </datafield>
  <datafield tag="300" ind1=" " ind2=" ">
   <subfield code="a">viii, 184 p.; </subfield>
   <subfield code="c">ill.; </subfield>
   <subfield code="c">28 cm.</subfield>
  </datafield>
  <datafield tag="500" ind1=" " ind2=" ">
   <subfield code="a">&quot;Promoting health and preventing disease&quot;</subfield>
  </datafield>
  <datafield tag="500" ind1=" " ind2=" ">
   <subfield code="a">e-Book available at www.humankinetics.com</subfield>
  </datafield>
  <datafield tag="504" ind1=" " ind2=" ">
   <subfield code="a">Includes bibliographical references and index</subfield>
  </datafield>
  <datafield tag="650" ind1="0" ind2="0">
   <subfield code="a">Lungs -- </subfield>
   <subfield code="x">Diseases, Obstructive -- </subfield>
   <subfield code="x">Patients -- </subfield>
   <subfield code="x">Rehabilitation -- </subfield>
   <subfield code="x">Standards </subfield>
  </datafield>
  <datafield tag="650" ind1="0" ind2="0">
   <subfield code="a">Lungs -- </subfield>
   <subfield code="x">Diseases -- </subfield>
   <subfield code="x">Patients -- </subfield>
   <subfield code="x">Rehabilitation -- </subfield>
   <subfield code="x">Standards </subfield>
  </datafield>
  <datafield tag="650" ind1="0" ind2="0">
   <subfield code="a">Lung Diseases, Obstructive -- </subfield>
   <subfield code="x">rehabilitation -- </subfield>
   <subfield code="x">Guideline </subfield>
  </datafield>
  <datafield tag="901" ind1=" " ind2=" ">
   <subfield code="u">http://www.humankinetics.com</subfield>
  </datafield>
 </record>
</collection>
